Большая гидроэлектрическая станция в Калифорнии; Вестник Сибирских Инженеров; № 2

Dades bibliogràfiques
Parent link:Вестник Сибирских Инженеров: научно-технический журнал/ Орган Общества Сибирских Инженеров ; Областное Объединение Всесоюзной Ассоциации Инженеров для Западной Сибири.— , 1916-1928
№ 2.— 1923.— с. 63
Autor principal: Балакшин С. А.
Idioma:rus
Publicat: 1923
Matèries:
Format: MixedMaterials Capítol de llibre
KOHA link:https://koha.lib.tpu.ru/cgi-bin/koha/opac-detail.pl?biblionumber=418185

MARC

LEADER 00000naa2a2200000 4500
001 418185
005 20241224112104.0
035 |a (RuTPU)RU\TPU\prd\75333 
035 |a RU\TPU\tpu\3572 
090 |a 418185 
100 |a 20100128d1923 k||y0rusy50 ca 
101 0 |a rus 
102 |a RU 
200 1 |a Большая гидроэлектрическая станция в Калифорнии  |f С. А. Балакшин 
461 |0 (RuTPU)RU\TPU\prd\698  |t Вестник Сибирских Инженеров  |o научно-технический журнал  |f Орган Общества Сибирских Инженеров ; Областное Объединение Всесоюзной Ассоциации Инженеров для Западной Сибири  |d 1916-1928 
463 |0 (RuTPU)RU\TPU\prd\75329  |t № 2  |v с. 63  |d 1923 
610 1 |a энергетика 
610 1 |a труды учёных ТПУ 
610 1 |a теплотехника 
610 1 |a паротехника 
610 1 |a двигатели внутреннего сгорания 
610 1 |a водяные двигатели 
610 1 |a хладотехника 
700 1 |a Балакшин  |b С. А. 
801 0 |a RU  |b 63413507  |c 20011210  |g PSBO 
801 2 |a RU  |b 63413507  |c 20100128  |g PSBO 
942 |c BK